|
|
|
|
| LEADER |
02186nam a2200433 i 4500 |
| 001 |
nkc20243644415 |
| 003 |
CZ PrNK |
| 005 |
20250116125305.0 |
| 007 |
ta |
| 008 |
241121s2024 xr g 000 f cze |
| 015 |
|
|
|a cnb003644415
|
| 020 |
|
|
|a 978-80-7588-736-8
|q (brožováno)
|
| 035 |
|
|
|a (OCoLC)1498301618
|
| 040 |
|
|
|a ABG001
|b cze
|e rda
|
| 072 |
|
7 |
|a 821.162.3-3
|x Česká próza
|2 Konspekt
|9 25
|
| 080 |
|
|
|a 821.162.3-31
|2 MRF
|
| 080 |
|
|
|a (0:82-311.9)
|2 MRF
|
| 100 |
1 |
|
|a Mařík, Jakub,
|d 1981-
|7 xx0073715
|4 aut
|
| 245 |
1 |
0 |
|a UTSS Salamis.
|p V nefritové kleci /
|c Jakub Mařík
|
| 246 |
3 |
0 |
|a V nefritové kleci
|
| 250 |
|
|
|a 1. vydání
|
| 264 |
|
1 |
|a Praha :
|b Mystery Press,
|c 2024
|
| 300 |
|
|
|a 463 stran ;
|c 21 cm
|
| 336 |
|
|
|a text
|b txt
|2 rdacontent
|
| 337 |
|
|
|a bez média
|b n
|2 rdamedia
|
| 338 |
|
|
|a svazek
|b nc
|2 rdacarrier
|
| 520 |
2 |
|
|a Závěr military sci-fi série českého autora nás opět zavádí mezi hrdiny z UTSS Salamis.
|b Válka možná skončila, ale Korzáři nejsou jediným nebezpečím, které na posádku UTSS Salamis v mrazivé temnotě hlubokého vesmíru čeká. V jeskyních na Velebitu loví družstvo mariňáků mimozemské tvory ohrožující místní kolonii. Major Gelu na stanici Mombasa rozehrává nebezpečnou partii, která z něj udělá noční můru operativců rozvědky. V koloniálním krytu na Ivaru pátrá doktorka Erbakanová po zdroji smrtících parazitů. Idylická dovolená na planetě Gauguin se pro piloty Jolly a Aicarda mění v zoufalý boj o přežití. A v mexické kolonii Durango se UTSS Salamis neplánovaně zaplete do prvního ozbrojeného střetu od války s Korzáry. Nakladatelská anotace. Kráceno.
|
| 546 |
|
|
|a Český text
|
| 655 |
|
7 |
|a české romány
|7 fd133974
|2 czenas
|
| 655 |
|
7 |
|a vědecko-fantastické romány
|7 fd133847
|2 czenas
|
| 655 |
|
9 |
|a Czech fiction
|2 eczenas
|
| 655 |
|
9 |
|a science fiction novels
|2 eczenas
|
| 787 |
0 |
8 |
|i Z cyklu:
|t UTSS Salamis
|g 6
|
| 910 |
2 |
|
|a BOA001
|b 2-1537.115
|
| 920 |
|
|
|a 5032373
|z ABG001
|
| 990 |
|
|
|a BK
|
| 995 |
|
|
|a 01
|
| 991 |
|
|
|b 202501
|c NOV
|
| 996 |
6 |
|
|b 2610986978
|c 2-1537.115
|l MZK
|r Sklad / do 1 hodiny
|n 0
|p p.v.
|w 001988507
|u 000010
|a 1
|e BOA001
|j MZK50
|s P
|